| 000 | 01104nas a2200277Ia 4500 | ||
|---|---|---|---|
| 001 | R452/G4642 | ||
| 003 | IT-RoPAU | ||
| 008 | 151124c99999999xx |||||||||||| ||und|| | ||
| 040 | _aIT-RoPAU | ||
| 040 | _cIT-RoPAU | ||
| 041 | _aITALIANO | ||
| 100 |
_aZega Leonardo _gCodice Aut. SPICS: 4857 |
||
| 210 | _aVITA PASTORALE | ||
| 222 | _aVita Pastorale | ||
| 245 |
_aVITA PASTORALE, ANNO 88-N.07 (LUGLIO 2000) _bDon Zilli: L'Apostolo Della Comunicazione |
||
| 250 | _a1a ed. | ||
| 260 |
_aALBA (CN) _bPERIODICI SAN PAOLO _c2000 |
||
| 501 |
_bPaulus - SPICS - Società San Paolo EM (non-commercial uses only) _cCopyright2015 |
||
| 300 | _a7 p. [40-46] | ||
| 362 | _aANNO 088, N.07 (LUGLIO 2000) | ||
| 500 | _aA 20 Anni Dalla Sua Morte e Dalla Creazione dell'Associazione che Porta Ilsuo Nome: Celebrazione Commemorativa a Milano di Leonardo Zega, con Interventi del Superiore Generale della San Paolo Pietro Campus: un Vero Inteprete del Carisma Paolino; per Noi G | ||
| 650 |
_aPASTORALE _vPUBBLICAZIONE PERIODICA |
||
| 700 | _aAA.VV. | ||
| 700 | _gCodice Aut. SPICS: 12000 | ||
| 942 | _cCR | ||
| 999 |
_c180384 _d180384 |
||